Detalles MARC
| 000 -LEADER |
| fixed length control field |
02004nam a2200493Ii 4500 |
| 001 - CONTROL NUMBER |
| control field |
DIGALBA0257 |
| 003 - CONTROL NUMBER IDENTIFIER |
| control field |
NyNyDIG |
| 006 - FIXED-LENGTH DATA ELEMENTS--ADDITIONAL MATERIAL CHARACTERISTICS |
| fixed length control field |
m o d |
| 007 - PHYSICAL DESCRIPTION FIXED FIELD--GENERAL INFORMATION |
| fixed length control field |
cr ||||||||||| |
| 008 - FIXED-LENGTH DATA ELEMENTS--GENERAL INFORMATION |
| fixed length control field |
180906s2015 sp o 000 0 spa d |
| 020 ## - INTERNATIONAL STANDARD BOOK NUMBER |
| International Standard Book Number |
9788490651377 |
| Qualifying information |
(eBook ; |
| -- |
ePub) |
| 020 ## - INTERNATIONAL STANDARD BOOK NUMBER |
| International Standard Book Number |
849065137X |
| Qualifying information |
(eBook ; |
| -- |
ePub) |
| 035 ## - SYSTEM CONTROL NUMBER |
| System control number |
(OCoLC)1007137338 |
| 040 ## - CATALOGING SOURCE |
| Original cataloging agency |
DGITA |
| Language of cataloging |
eng |
| Description conventions |
rda |
| -- |
pn |
| Transcribing agency |
DGITA |
| 041 ## - LANGUAGE CODE |
| Language code of text/sound track or separate title |
spa |
| Language code of original |
eng |
| 050 14 - LIBRARY OF CONGRESS CALL NUMBER |
| Classification number |
G530.E77 eBook |
| 082 04 - DEWEY DECIMAL CLASSIFICATION NUMBER |
| Classification number |
910 |
| 240 10 - UNIFORM TITLE |
| Uniform title |
Loss of the ship Essex, sunk by a whale. |
| Language of a work |
Spanish |
| Version |
(Torres Oliver) |
| 245 03 - TITLE STATEMENT |
| Title |
El desastre del Essex, hundido por una ballena / |
| Statement of responsibility, etc. |
Owen Chase, Thomas Nickerson y otros ; edición, introducción y notas de Nathaniel Philbrick y Thomas Philbrick ; traducción y glosario de Francisco Torres Oliver. |
| 250 ## - EDITION STATEMENT |
| Edition statement |
Edición en formato digital. |
| 264 #1 - PRODUCTION, PUBLICATION, DISTRIBUTION, MANUFACTURE, AND COPYRIGHT NOTICE |
| Place of production, publication, distribution, manufacture |
Barcelona : |
| Name of producer, publisher, distributor, manufacturer |
Alba Editorial, |
| Date of production, publication, distribution, manufacture, or copyright notice |
noviembre de 2015. |
| 300 ## - PHYSICAL DESCRIPTION |
| Extent |
1 online resource. |
| 336 ## - CONTENT TYPE |
| Content type term |
text |
| Content type code |
txt |
| Source |
rdacontent |
| 337 ## - MEDIA TYPE |
| Media type term |
computer |
| Media type code |
c |
| Source |
rdamedia |
| 338 ## - CARRIER TYPE |
| Carrier type term |
online resource |
| Carrier type code |
cr |
| Source |
rdacarrier |
| 490 1# - SERIES STATEMENT |
| Series statement |
Alba clásica ; |
| Volume/sequential designation |
65 |
| 588 ## - SOURCE OF DESCRIPTION NOTE |
| Source of description note |
Online resource; title from ePub title page (Digitalia, viewed September 6, 2018) |
| 610 20 - SUBJECT ADDED ENTRY--CORPORATE NAME |
| Corporate name or jurisdiction name as entry element |
Essex (Whaleship) |
| 650 #0 - SUBJECT ADDED ENTRY--TOPICAL TERM |
| Topical term or geographic name entry element |
Shipwreck survival. |
| 650 #0 - SUBJECT ADDED ENTRY--TOPICAL TERM |
| Topical term or geographic name entry element |
Shipwrecks |
| Geographic subdivision |
Pacific Ocean |
| General subdivision |
History |
| Chronological subdivision |
19th century. |
| 655 #0 - INDEX TERM--GENRE/FORM |
| Genre/form data or focus term |
Electronic books. |
| 700 1# - ADDED ENTRY--PERSONAL NAME |
| Personal name |
Chase, Owen, |
| Relator term |
author. |
| 700 1# - ADDED ENTRY--PERSONAL NAME |
| Personal name |
Nickerson, Thomas, |
| Dates associated with a name |
1805-1883, |
| Relator term |
author. |
| 700 1# - ADDED ENTRY--PERSONAL NAME |
| Personal name |
Philbrick, Nathaniel, |
| Relator term |
editor, |
| -- |
contributor agent of text. |
| 700 1# - ADDED ENTRY--PERSONAL NAME |
| Personal name |
Philbrick, Thomas, |
| Relator term |
editor, |
| -- |
contributor agent of text. |
| 700 1# - ADDED ENTRY--PERSONAL NAME |
| Personal name |
Torres Oliver, Francisco, |
| Relator term |
translator. |
| 730 0# - ADDED ENTRY--UNIFORM TITLE |
| Relationship information |
Translation of: |
| Uniform title |
Loss of the ship Essex, sunk by a whale. |
| 791 2# - |
| -- |
Digitalia (Firm), |
| -- |
distributor. |
| 793 0# - |
| -- |
Digitalia eBook Collection: |
| -- |
Alba Editorial. |
| 830 #0 - SERIES ADDED ENTRY--UNIFORM TITLE |
| Uniform title |
Alba Clásica ; |
| Volume/sequential designation |
65. |
| 856 40 - ELECTRONIC LOCATION AND ACCESS |
| Materials specified |
Digitalia Hispánica |
| Uniform Resource Identifier |
<a href="https://www.digitaliapublishing.com/a/48865/">https://www.digitaliapublishing.com/a/48865/</a> |
| 910 ## - USER-OPTION DATA (OCLC) |
| User-option data |
Premium collection: 2019 |
| 942 ## - ADDED ENTRY ELEMENTS (KOHA) |
| Koha item type |
Recurso Electrónico |